[Event "4NCL Division 4 South"]
[Site "Daventry, ENG"]
[Date "2018.11.17"]
[Round "1.99"]
[White "Carter, Gavin"]
[Black "Nelson, Omowale"]
[Result "0-1"]
[WhiteElo "1541"]
[BlackElo "2027"]
[PlyCount "86"]
[EventDate "2018.11.17"]

1. c4 e5 2. Nc3 Nc6 3. g3 g6 4. Bg2 Bg7 5. d3 d6 6. Nf3 f5 7. Bg5 Nce7 8. O-O
Nf6 9. d4 e4 10. Nd2 h6 11. Be3 Ng4 12. h3 Nxe3 13. fxe3 O-O 14. b4 Be6 15. Qb3
Kh7 16. Rad1 Ng8 17. Ndb1 Qg5 18. Kf2 Nf6 19. Nd5 Bxd5 20. cxd5 Nh5 21. Nd2
Nxg3 22. Rg1 f4 23. Nxe4 fxe3+ 24. Ke1 Nxe4 25. Rc1 Rf2 26. Kd1 Rxg2 27. Rxg2
Qxg2 28. Qxe3 c6 29. dxc6 bxc6 30. Kc2 Nf6 31. Kb3 Qd5+ 32. Kb2 Rb8 33. a3 a5
34. Kc3 axb4+ 35. axb4 Ne4+ 36. Kd3 Rxb4 37. Qxe4 Rb3+ 38. Rc3 Rxc3+ 39. Kxc3
Qxe4 40. e3 Qxe3+ 41. Kc4 Qxd4+ 42. Kb3 Qc3+ 43. Ka4 Qb2 0-1

[Event "4NCL Division 4 South"]
[Site "Daventry, ENG"]
[Date "2018.11.17"]
[Round "1.99"]
[White "Karamazondo, Ernest"]
[Black "Carter, Rebecca"]
[Result "0-1"]
[WhiteElo "1930"]
[BlackElo "1412"]
[PlyCount "66"]
[EventDate "2018.11.17"]

1. e4 e5 2. Bc4 Nf6 3. d4 Nc6 4. Nf3 exd4 5. O-O d6 6. c3 dxc3 7. Qb3 Qd7 8. e5
dxe5 9. Ng5 Nd8 10. Nxc3 Bd6 11. Be3 O-O 12. Rad1 Qe7 13. Qc2 c6 14. h3 Ne6 15.
a3 Nxg5 16. Bxg5 Be6 17. Ne4 Rad8 18. Bd3 Kh8 19. Rfe1 Bc7 20. Re3 h6 21. Bh4
g5 22. Nxg5 hxg5 23. Bxg5 Rg8 24. Rg3 e4 25. Bxe4 Bxg3 26. h4 Be5 27. Re1 Qd6
28. Qe2 Bg4 29. Qc4 Qd4 30. Bxf6+ Bxf6 31. Qxf7 Rd7 32. Qb3 Bxh4 33. Qc2 Qd2
0-1

[Event "4NCL Division 4 South"]
[Site "Daventry, ENG"]
[Date "2018.11.17"]
[Round "1.99"]
[White "Willmoth, Kate"]
[Black "Lancaster, Roger"]
[Result "0-1"]
[WhiteElo "1390"]
[BlackElo "1960"]
[PlyCount "58"]
[EventDate "2018.11.17"]

1. e4 e6 2. d4 d5 3. exd5 exd5 4. Nf3 Bd6 5. Nc3 Ne7 6. Bd2 Nbc6 7. Bb5 O-O 8.
O-O Bg4 9. Be2 Re8 10. h3 Bh5 11. Ng5 Bxe2 12. Qxe2 h6 13. Nf3 Ng6 14. Qd3 Nb4
15. Qb5 c6 16. Qa4 Na6 17. a3 Nc7 18. b4 a6 19. Rfe1 Ne6 20. Qb3 Qf6 21. Qb1
Nxd4 22. Nxd4 Qxd4 23. Qd1 Rxe1+ 24. Qxe1 Kf8 25. Qe3 Qxe3 26. Bxe3 Be5 27.
Bc5+ Kg8 28. Re1 Bxc3 29. Re3 Bf6 0-1

[Event "4NCL Division 4 South"]
[Site "Daventry, ENG"]
[Date "2018.11.17"]
[Round "1.99"]
[White "Dunlop, Neil J"]
[Black "Wolstenholme, Scarlet"]
[Result "1-0"]
[WhiteElo "1900"]
[BlackElo "1292"]
[PlyCount "115"]
[EventDate "2018.11.17"]

1. d4 d5 2. c4 c6 3. Nf3 Nf6 4. Qc2 g6 5. g3 Bg7 6. Bg2 O-O 7. O-O Bf5 8. Qb3
Nbd7 9. Qxb7 Qc8 10. Qxc8 Rfxc8 11. cxd5 Nxd5 12. Nc3 Nb4 13. e4 Be6 14. Be3
Nc2 15. Rac1 Nxe3 16. fxe3 Bh6 17. Kf2 Rab8 18. b3 a5 19. Na4 Kf8 20. Rc3 f6
21. Rfc1 Bf7 22. Rxc6 Rxc6 23. Rxc6 Rd8 24. Bh3 Bg7 25. Bxd7 Rxd7 26. Nb6 Rd8
27. Nd2 h5 28. Ndc4 Bxc4 29. Rxc4 e5 30. d5 f5 31. Rc8 Rxc8 32. Nxc8 fxe4 33.
Nd6 Ke7 34. Nxe4 Bh6 35. Ke2 g5 36. h3 g4 37. h4 Kd7 38. Kd3 Kc7 39. Nf6 Kd6
40. Nxh5 Kxd5 41. Nf6+ Kd6 42. Nxg4 Bg7 43. Ke4 Ke6 44. Nf2 Bh6 45. g4 Kd6 46.
g5 Bxg5 47. hxg5 Ke6 48. Ng4 a4 49. bxa4 Kd7 50. Kxe5 Ke7 51. a5 Kd7 52. a6 Ke7
53. a7 Kd7 54. a8=Q Kc7 55. Qa6 Kd7 56. Qb7+ Ke8 57. Ke6 Kd8 58. Qb8# 1-0

[Event "4NCL Division 4 South"]
[Site "Daventry, ENG"]
[Date "2018.11.17"]
[Round "1.99"]
[White "Sheng, Benjamin"]
[Black "Papathanasopoulos, Nikolaos"]
[Result "0-1"]
[WhiteElo "1240"]
[BlackElo "1847"]
[PlyCount "68"]
[EventDate "2018.11.17"]

1. d4 e6 2. c4 Nf6 3. Nf3 b6 4. g3 Ba6 5. b3 Bb4+ 6. Bd2 Be7 7. Bg2 c6 8. O-O
O-O 9. Qc2 d5 10. Re1 Nbd7 11. e4 Rc8 12. e5 Ne8 13. h4 Nc7 14. Bg5 c5 15. Bxe7
Qxe7 16. Ng5 g6 17. h5 Qxg5 18. f4 Qxg3 19. f5 Qxe1+ 20. Kh2 cxd4 21. f6 Nxe5
22. Qb2 Ng4+ 23. Kh3 Nf2+ 24. Kh2 Qe5+ 25. Kg1 Ng4 26. Nd2 Qh2+ 27. Kf1 Ne3+
28. Ke1 Nxg2+ 29. Kd1 Qg1+ 30. Kc2 Ne1+ 31. Kd1 d3 32. Qc3 Nf3+ 33. Nf1 Qxf1+
34. Qe1 Qxe1# 0-1

[Event "4NCL Division 4 South"]
[Site "Daventry, ENG"]
[Date "2018.11.17"]
[Round "1.99"]
[White "Pigott, Darrell N"]
[Black "Ibrahim, Amir"]
[Result "1-0"]
[WhiteElo "1862"]
[BlackElo "1150"]
[PlyCount "45"]
[EventDate "2018.11.17"]

1. e4 e5 2. Nf3 Nc6 3. Bb5 Nf6 4. O-O Bc5 5. c3 a6 6. Ba4 b5 7. Bb3 Nxe4 8. d4
exd4 9. cxd4 Bd6 10. Re1 Qe7 11. Nc3 f5 12. Bg5 Qf8 13. Nxe4 fxe4 14. Rxe4+ Ne7
15. Bxe7 Bxe7 16. Qe2 Bb7 17. d5 O-O-O 18. Rxe7 c6 19. dxc6 dxc6 20. Qe5 Rd7
21. Rxd7 Kxd7 22. Rd1+ Kc8 23. Be6# 1-0

[Event "4NCL Division 4 South"]
[Site "Daventry, ENG"]
[Date "2018.11.17"]
[Round "1.99"]
[White "Smith, Steve"]
[Black "Patel, Rishi"]
[Result "1-0"]
[WhiteElo "1731"]
[BlackElo "1720"]
[PlyCount "47"]
[EventDate "2018.11.17"]

1. e4 e5 2. Nf3 Nc6 3. Bb5 a6 4. Ba4 Nf6 5. O-O Bc5 6. c3 d6 7. d4 b5 8. Bb3
Ba7 9. dxe5 Nxe4 10. Qd5 Qd7 11. Qxe4 Bb7 12. exd6+ Kf8 13. Bf4 Re8 14. Qd3 Bc5
15. Rd1 Qg4 16. d7 Rd8 17. Bxc7 Be7 18. Bxd8 Nxd8 19. Bd5 Qxd7 20. Bxb7 Qxb7
21. Qd7 Qb6 22. Nbd2 g6 23. Re1 Ne6 24. Nd4 1-0

[Event "4NCL Division 4 South"]
[Site "Daventry, ENG"]
[Date "2018.11.17"]
[Round "1.99"]
[White "Goldsmith, Jennifer"]
[Black "Eckert, Jonathan"]
[Result "0-1"]
[WhiteElo "1342"]
[BlackElo "1700"]
[PlyCount "64"]
[EventDate "2018.11.17"]

1. d4 f5 2. g3 Nf6 3. Bg2 e6 4. c4 Be7 5. Nc3 O-O 6. e4 fxe4 7. Nxe4 c6 8.
Nxf6+ Bxf6 9. Nf3 d5 10. cxd5 exd5 11. O-O Bg4 12. Be3 Nd7 13. Qb3 Qb6 14. Qxb6
axb6 15. a3 b5 16. Rad1 Nb6 17. Rd2 Nc4 18. Rc2 Bf5 19. Rc3 Nxb2 20. Bc1 Nc4
21. Rb3 Be4 22. Re1 Bxf3 23. Bxf3 Bxd4 24. Re7 Rf7 25. Rxf7 Kxf7 26. Bxd5+ cxd5
27. Rxb5 Ke6 28. Rxb7 Rf8 29. Bf4 Rf7 30. Rb3 Kf5 31. Kg2 Bc5 32. Bc1 32... Ke6
{0-1 41 moves. Unable to reconstruct remaining moves, only one scoresheet.} 0-1

[Event "4NCL Division 4 South"]
[Site "Daventry, ENG"]
[Date "2018.11.17"]
[Round "1.99"]
[White "Sartain, Patrick"]
[Black "Denning, Julie L"]
[Result "0-1"]
[WhiteElo "1540"]
[BlackElo "1654"]
[PlyCount "76"]
[EventDate "2018.11.17"]

1. e4 c5 2. f4 d6 3. Nf3 Nf6 4. Nc3 a6 5. a4 Nc6 6. d3 g6 7. Be2 Bg7 8. O-O e6
9. Kh1 O-O 10. Rg1 Bd7 11. g4 Rc8 12. f5 Nd4 13. fxg6 fxg6 14. Nxd4 cxd4 15.
Nb1 Qc7 16. c4 dxc3 17. Nxc3 Bc6 18. g5 Nd7 19. d4 d5 20. exd5 exd5 21. h4 Rf2
22. Rg2 Rcf8 23. Be3 Rxg2 24. Kxg2 Nc5 25. b4 Ne6 26. b5 Bd7 27. Nxd5 Qd6 28.
Bc4 Kh8 29. h5 axb5 30. axb5 Bxb5 31. Qb3 Nxd4 32. Bxd4 Bxd4 33. Rf1 Rxf1 34.
Bxf1 Bc6 35. Bc4 b5 36. Qd3 Bxd5+ 37. Bxd5 Qxd5+ 38. Kf1 Qf5+ 0-1

[Event "4NCL Division 4 South"]
[Site "Daventry, ENG"]
[Date "2018.11.17"]
[Round "1.99"]
[White "Homolka, Vincent"]
[Black "Di-Vetta, Andrew"]
[Result "0-1"]
[WhiteElo "1773"]
[BlackElo "1706"]
[PlyCount "54"]
[EventDate "2018.11.17"]

1. c4 e5 2. g3 Nf6 3. Bg2 c6 4. d4 d6 5. dxe5 dxe5 6. Qxd8+ Kxd8 7. Nf3 Bd6 8.
O-O Ke7 9. Nc3 Be6 10. b3 Nbd7 11. Bb2 Rad8 12. Rad1 h6 13. Rd2 Nc5 14. e3 Bf5
15. Rfd1 Nce4 16. Nxe4 Nxe4 17. Rd3 f6 18. Nh4 Bh7 19. Bxe4 Bxe4 20. Rxd6 Rxd6
21. Ba3 Rhd8 22. f3 Bh7 23. Kf2 Ke6 24. Rxd6+ Rxd6 25. Bxd6 Kxd6 26. e4 Kc5 27.
a3 Kd4 0-1

[Event "4NCL Division 4 South"]
[Site "Daventry, ENG"]
[Date "2018.11.17"]
[Round "1.99"]
[White "Davies, Merlin"]
[Black "Grey, Nicholas D"]
[Result "0-1"]
[WhiteElo "1560"]
[BlackElo "1718"]
[PlyCount "56"]
[EventDate "2018.11.17"]

1. d4 Nf6 2. c4 c5 3. e3 g6 4. Nf3 Bg7 5. Bd2 cxd4 6. Nxd4 O-O 7. Bc3 Ne4 8.
Bd3 Nxc3 9. Nxc3 Nc6 10. Nde2 Ne5 11. f4 Nxd3+ 12. Qxd3 d6 13. O-O-O Be6 14.
Nd4 Rc8 15. Nxe6 fxe6 16. Qe4 Qd7 17. Rd3 Rf5 18. g4 Rfc5 19. b3 b5 20. Rd4
bxc4 21. Rxc4 Bxc3 22. h4 d5 23. Qd3 Rxc4 24. bxc4 Rxc4 25. Rd1 Qb5 26. Qe2
Bb2+ 27. Kb1 Bd4+ 28. Qb2 Qxb2# 0-1

[Event "4NCL Division 4 South"]
[Site "Daventry, ENG"]
[Date "2018.11.17"]
[Round "1.99"]
[White "Saidmurodov, Shahjahon"]
[Black "Davies, Huw"]
[Result "1-0"]
[WhiteElo "1555"]
[BlackElo "1262"]
[PlyCount "79"]
[EventDate "2018.11.17"]

1. d4 d5 2. Nf3 Nc6 3. c4 e6 4. Nc3 Bb4 5. a3 Bxc3+ 6. bxc3 dxc4 7. e4 b5 8. a4
Ba6 9. axb5 Bxb5 10. Bxc4 a6 11. Bxb5 axb5 12. Bg5 f6 13. Be3 Nge7 14. O-O O-O
15. Rxa8 Qxa8 16. Qb3 Nd8 17. Qxb5 Qxe4 18. Ra1 Qc6 19. c4 Qxb5 20. cxb5 Nd5
21. Ra7 c6 22. bxc6 Nxc6 23. Ra6 Rc8 24. h3 Kf7 25. g4 h6 26. Nd2 Ke7 27. Nb3
f5 28. gxf5 exf5 29. Bc1 Kf7 30. Bd2 g5 31. Kg2 Kg6 32. Na5 Nde7 33. d5 Nxd5
34. Nxc6 Kh5 35. Nd4 f4 36. Ne2 Kh4 37. f3 Ne3+ 38. Bxe3 fxe3 39. Ng3 h5 40.
Nf5# 1-0

[Event "4NCL Division 4 South"]
[Site "Daventry, ENG"]
[Date "2019.05.05"]
[Round "10.11"]
[White "Jukes, Sam"]
[Black "Cooksey, Paul S"]
[Result "0-1"]
[WhiteElo "1892"]
[BlackElo "2278"]
[PlyCount "78"]
[EventDate "2019.05.05"]
[WhiteTeam "West is Best 3"]
[BlackTeam "Crowthorne 1"]

1. e4 c6 2. d4 d5 3. exd5 cxd5 4. c4 Nf6 5. Nc3 Nc6 6. Bg5 e6 7. Nf3 Be7 8. Bd3
dxc4 9. Bxc4 O-O 10. O-O a6 11. a3 b5 12. Ba2 b4 13. axb4 Nxb4 14. Bc4 Bb7 15.
Ne5 Nfd5 16. Bxe7 Qxe7 17. Qd2 Rfd8 18. f4 g6 19. f5 exf5 20. Qh6 Qf8 21. Qh3
Bc8 22. Nxd5 Nxd5 23. Qb3 Be6 24. Rxa6 Rxa6 25. Bxa6 Rb8 26. Qa3 Qxa3 27. bxa3
Ra8 28. Bb7 Rxa3 29. Nc4 Rd3 30. Rc1 Nc3 31. Rxc3 Rxc3 32. Ne5 f6 33. Nf3 Rc7
34. Ba8 Kf8 35. d5 Bd7 36. Nd4 Rc4 37. Nb3 Ke7 38. Kf2 Kd6 39. Na5 Ra4 0-1

[Event "4NCL Division 4 South"]
[Site "Daventry, ENG"]
[Date "2019.05.05"]
[Round "10.12"]
[White "Webb, Richard M"]
[Black "Payan, Juan C"]
[Result "1/2-1/2"]
[WhiteElo "2206"]
[BlackElo "1863"]
[PlyCount "65"]
[EventDate "2019.05.05"]
[WhiteTeam "Crowthorne 1"]
[BlackTeam "West is Best 3"]

1. e4 c5 2. Nf3 d6 3. d4 cxd4 4. Nxd4 Nf6 5. f3 e5 6. Nb3 Be6 7. Bg5 a6 8. c4
Nbd7 9. Nc3 Be7 10. Be3 O-O 11. Be2 Rc8 12. Nd5 Bxd5 13. cxd5 Kh8 14. Rc1 Ng8
15. Rxc8 Qxc8 16. O-O Bd8 17. Qd2 Bb6 18. Bxb6 Nxb6 19. Qb4 Qd8 20. Na5 Qc7 21.
Nb3 Qd8 22. a4 f5 23. a5 Nc8 24. exf5 b5 25. Bd3 Nf6 26. Be4 Ne7 27. Qd2 Qd7
28. Qd3 Rc8 29. Rd1 Rc7 30. Rd2 Qc8 31. g3 Rc4 32. Kg2 h6 33. Re2 1/2-1/2

[Event "4NCL Division 4 South"]
[Site "Daventry, ENG"]
[Date "2019.05.05"]
[Round "10.13"]
[White "Smith, Steve"]
[Black "Purdon, Colin"]
[Result "1/2-1/2"]
[WhiteElo "1763"]
[BlackElo "2061"]
[PlyCount "50"]
[EventDate "2019.05.05"]
[WhiteTeam "West is Best 3"]
[BlackTeam "Crowthorne 1"]

1. e4 c6 2. d4 d5 3. exd5 cxd5 4. c4 Nf6 5. Nc3 Nc6 6. Nf3 g6 7. Bg5 Be6 8.
Bxf6 exf6 9. cxd5 Bxd5 10. Bb5 Be7 11. O-O O-O 12. Re1 Bb4 13. Bxc6 Bxc6 14. a3
Bxc3 15. bxc3 Bd5 16. Qd3 Rc8 17. Nd2 b5 18. a4 Bc4 19. Nxc4 bxc4 20. Qf3 Qd6
21. h4 Kg7 22. Reb1 Rfe8 23. Rb7 Re7 24. Rab1 Rce8 25. Rxe7 Rxe7 1/2-1/2

[Event "4NCL Division 4 South"]
[Site "Daventry, ENG"]
[Date "2019.05.05"]
[Round "10.14"]
[White "Coates, Kenneth G"]
[Black "Di-Vetta, Andrew"]
[Result "1-0"]
[WhiteElo "2057"]
[BlackElo "1730"]
[PlyCount "71"]
[EventDate "2019.05.05"]
[WhiteTeam "Crowthorne 1"]
[BlackTeam "West is Best 3"]

1. e4 c5 2. Nf3 Nc6 3. d4 cxd4 4. Nxd4 e5 5. Nb5 d6 6. c4 a6 7. N5c3 Nf6 8. Be2
Be7 9. O-O O-O 10. Be3 Bd7 11. f3 Be8 12. Qd2 Nd7 13. Nd5 f5 14. Nbc3 f4 15.
Nxe7+ Nxe7 16. Bf2 Nf6 17. Rfd1 Nc8 18. c5 Bf7 19. cxd6 Nb6 20. b3 g5 21. Rac1
Nfd7 22. Qb2 Rc8 23. a4 Rc6 24. Na2 Rxc1 25. Nxc1 Qf6 26. Qa3 Rb8 27. Qb4 Nc8
28. Nd3 Nxd6 29. Nb2 Nxe4 30. Qxe4 Nf8 31. Bc4 Bxc4 32. Nxc4 Rd8 33. Rxd8 Qxd8
34. h3 Qd1+ 35. Kh2 Qxb3 36. Qd5+ 1-0

[Event "4NCL Division 4 South"]
[Site "Daventry, ENG"]
[Date "2019.05.05"]
[Round "10.15"]
[White "Eckert, Jonathan"]
[Black "Tart, Peter K"]
[Result "0-1"]
[WhiteElo "1681"]
[BlackElo "1933"]
[PlyCount "54"]
[EventDate "2019.05.05"]
[WhiteTeam "West is Best 3"]
[BlackTeam "Crowthorne 1"]

1. e4 e5 2. Nf3 Nf6 3. Nc3 Bb4 4. Bc4 Bxc3 5. dxc3 d6 6. Qe2 O-O 7. Bg5 Be6 8.
Bd5 Bxd5 9. exd5 Nbd7 10. O-O-O Qe8 11. c4 h6 12. Bh4 Nh7 13. g4 f5 14. gxf5
Qh5 15. Bg3 Rxf5 16. Ng1 Qxe2 17. Nxe2 Raf8 18. h4 Nhf6 19. f4 exf4 20. Bxf4
Re8 21. Kd2 Rxe2+ 22. Kxe2 Rxf4 23. b3 Ne5 24. Rdf1 Rd4 25. Rd1 Re4+ 26. Kf2
Nfg4+ 27. Kg3 Re3+ 0-1

[Event "4NCL Division 4 South"]
[Site "Daventry, ENG"]
[Date "2019.05.05"]
[Round "10.16"]
[White "Ward, Matthew J"]
[Black "Davies, Merlin"]
[Result "1-0"]
[WhiteElo "1790"]
[BlackElo "1566"]
[PlyCount "87"]
[EventDate "2019.05.05"]
[WhiteTeam "Crowthorne 1"]
[BlackTeam "West is Best 3"]

1. d4 Nf6 2. Nf3 e6 3. g3 b6 4. Bg2 Bb7 5. O-O Be7 6. c4 O-O 7. Nc3 d6 8. Qc2
h6 9. Rd1 Nbd7 10. e4 Nh7 11. Be3 Ng5 12. Nd2 f5 13. f4 Nxe4 14. Ndxe4 fxe4 15.
Nxe4 d5 16. Nc3 c6 17. Bh3 Rf6 18. Re1 Nf8 19. Rad1 Ba6 20. cxd5 cxd5 21. Qa4
Bb7 22. Bf2 a6 23. Re2 b5 24. Qb3 a5 25. a4 b4 26. Nb5 Ba6 27. Qd3 Rb8 28. Rde1
Qb6 29. f5 Bxb5 30. axb5 Qxb5 31. Qxb5 Rxb5 32. fxe6 a4 33. Rc2 Rb7 34. Bg2 b3
35. Rc8 Bb4 36. Ra1 a3 37. bxa3 b2 38. Rb1 Bxa3 39. Bxd5 Re7 40. Ra8 Bd6 41.
Rxb2 Kh7 42. Be4+ g6 43. d5 Kg7 44. Bd4 1-0

[Event "4NCL Division 4 South"]
[Site "Daventry, ENG"]
[Date "2019.05.05"]
[Round "10.21"]
[White "Girdlestone, Paul C"]
[Black "Madden, Paul"]
[Result "1/2-1/2"]
[WhiteElo "2008"]
[BlackElo "2155"]
[PlyCount "116"]
[EventDate "2019.05.05"]
[WhiteTeam "Check Innmates 2"]
[BlackTeam "Ashfield 1"]

1. d4 Nf6 2. c4 g6 3. g3 Bg7 4. Bg2 d5 5. cxd5 Nxd5 6. Nf3 c5 7. O-O cxd4 8.
Nxd4 Nc7 9. Nb3 O-O 10. Nc3 Nc6 11. Be3 Qe8 12. Qc1 Be6 13. Nc5 b6 14. Nb5 Rc8
15. Bxc6 Qxc6 16. Nxa7 Qa8 17. Nxe6 Nxe6 18. Nxc8 Rxc8 19. Qd2 h5 20. h4 Qe4
21. Rac1 Rd8 22. Qc2 Qg4 23. Rfd1 Bd4 24. Kg2 Bxe3 25. Rxd8+ Nxd8 26. fxe3 Ne6
27. Qc4 Qf5 28. Rd1 Qe5 29. Qc3 Qe4+ 30. Kh2 g5 31. Rg1 Qg4 32. Rg2 f6 33. b3
Qe4 34. Qd3 Qe5 35. Qg6+ Ng7 36. hxg5 fxg5 37. Qxb6 h4 38. Qd8+ Kh7 39. Qd4 Qc7
40. Qe4+ Kh6 41. Kh3 hxg3 42. Rxg3 Nh5 43. Rg1 Nf6 44. Qf5 g4+ 45. Kg2 Qc6+ 46.
e4 Qc2 47. Rf1 Qxe2+ 48. Rf2 Qd3 49. e5 Ne4 50. Qxg4 Nxf2 51. Kxf2 Qd2+ 52. Qe2
Qf4+ 53. Kg2 Qg5+ 54. Kh1 Qc1+ 55. Kh2 Qf4+ 56. Kh3 Qf5+ 57. Qg4 Qf1+ 58. Kg3
Qg1+ 1/2-1/2

[Event "4NCL Division 4 South"]
[Site "Daventry, ENG"]
[Date "2019.05.05"]
[Round "10.22"]
[White "Mercs, Peter J"]
[Black "Tucker, David S"]
[Result "1/2-1/2"]
[WhiteElo "2087"]
[BlackElo "1980"]
[PlyCount "89"]
[EventDate "2019.05.05"]
[WhiteTeam "Ashfield 1"]
[BlackTeam "Check Innmates 2"]

1. e4 c5 2. Nf3 Nc6 3. d4 cxd4 4. Nxd4 g6 5. c4 Bg7 6. Nc2 Nf6 7. Nc3 b6 8. Be2
Ba6 9. O-O O-O 10. Bd2 d6 11. Rc1 Rc8 12. f4 e6 13. b3 Qe7 14. Be1 Ne8 15. Nb5
f5 16. exf5 gxf5 17. Bf3 Bxb5 18. cxb5 Nd4 19. Nxd4 Rxc1 20. Qxc1 Bxd4+ 21. Kh1
d5 22. Qd1 Bg7 23. a4 Nf6 24. Bh4 Qc7 25. Bxf6 Bxf6 26. Re1 Qd6 27. Rxe6 Qxf4
28. g3 Qd4 29. Qxd4 Bxd4 30. Bxd5 Kg7 31. Re7+ Kg6 32. Rxa7 Rd8 33. Bc6 Bc5 34.
Rd7 Rxd7 35. Bxd7 Kg5 36. Kg2 Kf6 37. Kf3 Ke5 38. Ke2 h6 39. Kd3 Bg1 40. b4
Bxh2 $11 41. a5 Kd6 42. Bxf5 Bxg3 43. Be4 Kc7 44. Kc4 Be1 45. a6 1/2-1/2

[Event "4NCL Division 4 South"]
[Site "Daventry, ENG"]
[Date "2019.05.05"]
[Round "10.23"]
[White "Tomboline, David"]
[Black "Combie, Alex B"]
[Result "1/2-1/2"]
[WhiteElo "1942"]
[BlackElo "2005"]
[PlyCount "21"]
[EventDate "2019.05.05"]
[WhiteTeam "Check Innmates 2"]
[BlackTeam "Ashfield 1"]

1. d4 Nf6 2. Nf3 g6 3. Bg5 Bg7 4. c3 O-O 5. Nbd2 d6 6. e4 c5 7. dxc5 dxc5 8.
Bc4 Nc6 9. O-O Qc7 10. Qe2 Rd8 11. Rfd1 1/2-1/2

[Event "4NCL Division 4 South"]
[Site "Daventry, ENG"]
[Date "2019.05.05"]
[Round "10.24"]
[White "Jarvis, Derek A"]
[Black "Rabbitt, Michael"]
[Result "1/2-1/2"]
[WhiteElo "2065"]
[BlackElo "1985"]
[PlyCount "36"]
[EventDate "2019.05.05"]
[WhiteTeam "Ashfield 1"]
[BlackTeam "Check Innmates 2"]

1. e4 e5 2. Nf3 Nc6 3. Bc4 Bc5 4. b4 Bb6 5. a4 a6 6. c3 Nf6 7. d3 d6 8. Nbd2
Ne7 9. Bb3 c6 10. O-O O-O 11. h3 Ng6 12. Nc4 Bc7 13. Re1 Re8 14. Be3 d5 15.
Ncd2 h6 16. Bc2 Be6 17. a5 Qd6 18. Qe2 Rad8 1/2-1/2

[Event "4NCL Division 4 South"]
[Site "Daventry, ENG"]
[Date "2019.05.05"]
[Round "10.25"]
[White "Georgiou, George"]
[Black "Truman, Richard G"]
[Result "0-1"]
[WhiteElo "1832"]
[BlackElo "1945"]
[PlyCount "74"]
[EventDate "2019.05.05"]
[WhiteTeam "Check Innmates 2"]
[BlackTeam "Ashfield 1"]

1. d4 Nf6 2. c4 g6 3. Nc3 d5 4. cxd5 Nxd5 5. Bd2 Bg7 6. e4 Nb6 7. Be3 O-O 8.
Nf3 Bg4 9. Be2 Nc6 10. d5 Bxf3 11. Bxf3 Ne5 12. Be2 Nec4 13. Bc1 c6 14. dxc6
bxc6 15. Qb3 Qd4 16. O-O Rab8 17. Rd1 Qc5 18. Qc2 Bd4 19. Rf1 Rb7 20. Bxc4 Qxc4
21. Bd2 Nd7 22. b3 Qe6 23. Rae1 Rd8 24. Be3 Nf6 25. Bxd4 Rxd4 26. f3 Rbd7 27.
Rd1 Qe5 28. Na4 Qd6 29. Rxd4 Qxd4+ 30. Qf2 Qb4 31. h3 Rd2 32. Qe1 Qd4+ 33. Kh1
Rxa2 34. Qd1 Rd2 35. Qc1 Nh5 36. Qe1 Nf4 37. Rg1 Nxg2 0-1

[Event "4NCL Division 4 South"]
[Site "Daventry, ENG"]
[Date "2019.05.05"]
[Round "10.26"]
[White "Garnett, John S"]
[Black "Bourne, Johnathan D"]
[Result "1/2-1/2"]
[WhiteElo "1975"]
[BlackElo "1910"]
[PlyCount "124"]
[EventDate "2019.05.05"]
[WhiteTeam "Ashfield 1"]
[BlackTeam "Check Innmates 2"]

1. d4 Nf6 2. Bg5 d5 3. e3 c5 4. Bxf6 gxf6 5. c4 dxc4 6. Bxc4 cxd4 7. Nc3 Nc6 8.
Qh5 e6 9. O-O-O Qa5 10. Qxa5 Nxa5 11. Bb5+ Ke7 12. Rxd4 a6 13. Be2 Nc6 14. Rd2
f5 15. Nf3 Bg7 16. Rhd1 Rd8 17. Rxd8 Nxd8 18. Nd4 Bd7 19. Bf3 Rc8 20. Kb1 b5
21. e4 Nc6 22. Nb3 Ne5 23. exf5 Nxf3 24. fxe6 Bxe6 25. gxf3 Bxc3 26. bxc3 Bxb3
27. axb3 Rxc3 28. Kb2 Rxf3 29. Rd2 Ke6 30. b4 h5 31. Rc2 Kd6 32. Kc1 Rb3 33.
Ra2 Rxb4 34. Rxa6+ Ke5 35. Kd2 f5 36. Rh6 Rh4 37. Rb6 b4 38. Ke3 Rh3+ 39. Ke2
b3 40. Rb5+ Ke6 41. Kf1 Rxh2 42. Rxb3 Rh4 43. Kg2 Kf6 44. f3 Rd4 45. Rb8 Kg5
46. Kg3 h4+ 47. Kh3 Kf4 48. Kxh4 Kxf3+ 49. Kh3 Rd3 50. Kh2 f4 51. Rb1 Ke2 52.
Kg1 f3 53. Rb2+ Ke3 54. Rb1 Rd4 55. Kf1 Kf4 56. Rb8 Kg3 57. Rg8+ Rg4 58. Rxg4+
Kxg4 59. Kf2 Kf4 60. Kf1 Kg3 61. Kg1 f2+ 62. Kf1 Kf3 1/2-1/2

[Event "4NCL Division 4 South"]
[Site "Daventry, ENG"]
[Date "2019.05.05"]
[Round "10.31"]
[White "Simons, Martin J"]
[Black "Smith, Olivia"]
[Result "1/2-1/2"]
[WhiteElo "2005"]
[BlackElo "2110"]
[PlyCount "165"]
[EventDate "2019.05.05"]
[WhiteTeam "Wessex B"]
[BlackTeam "Fischer's Catch"]

1. d4 Nf6 2. Nc3 d5 3. Bf4 e6 4. e3 Bd6 5. Nf3 Bxf4 6. exf4 O-O 7. Ne5 c5 8.
dxc5 Nfd7 9. Nd3 Qe7 10. Qh5 Nc6 11. O-O-O b6 12. Re1 Nf6 13. Qf3 bxc5 14. g4
Bb7 15. Bg2 Rab8 16. Qh3 c4 17. Ne5 Nxe5 18. fxe5 Ne8 19. Ne2 Bc6 20. Nd4 Qb7
21. Qc3 Nc7 22. f4 Nb5 23. Nxb5 Qxb5 24. Rhg1 Rb6 25. f5 Rfb8 26. fxe6 fxe6 27.
b3 Qc5 28. Rd1 a5 29. Qd4 Qa3+ 30. Kd2 Qb4+ 31. Ke3 cxb3 32. Qxb4 Rxb4 33. axb3
a4 34. Rd4 axb3 35. Rxb4 Rxb4 36. cxb3 Rxb3+ 37. Kd4 Bb5 38. Ra1 Rb2 39. Bf3
Bc4 40. h4 Ra2 41. Rxa2 Bxa2 42. g5 Kf7 43. Bh5+ Ke7 44. Be2 Bb1 45. Kc5 Bf5
46. Bd1 Kf7 47. Bh5+ Ke7 48. Be2 Kd7 49. Bb5+ Kc7 50. Be2 h6 51. Bb5 Bg4 52.
gxh6 gxh6 53. Bd3 Kd7 54. Bg6 Be2 55. Bc2 Ke7 56. Bg6 Bf3 57. Kd4 Kf8 58. Bd3
Kg7 59. Ke3 Bd1 60. Kd4 Bh5 61. Bc2 Bg6 62. Bd1 Kf7 63. Be2 Bf5 64. Bh5+ Ke7
65. Kc5 Kd7 66. Be2 Kc7 67. Bb5 Bc2 68. Be8 Kd8 69. Bh5 Ke7 70. Kd4 Ba4 71. Be2
Be8 72. Bd3 Bh5 73. Bc2 Kf7 74. Bd3 Kg7 75. Bc2 Bg6 76. Bd1 h5 77. Be2 Kh6 78.
Bb5 Bf5 79. Be8 Bg4 80. Bf7 Kg7 81. Be8 Kf8 82. Bb5 Kf7 83. Bd3 1/2-1/2

[Event "4NCL Division 4 South"]
[Site "Daventry, ENG"]
[Date "2019.05.05"]
[Round "10.32"]
[White "Rathbone-Jones, Ifan"]
[Black "Bellers, Chris J"]
[Result "1/2-1/2"]
[WhiteElo "1952"]
[BlackElo "1929"]
[PlyCount "61"]
[EventDate "2019.05.05"]
[WhiteTeam "Fischer's Catch"]
[BlackTeam "Wessex B"]

1. d4 g6 2. c4 Bg7 3. e4 Nc6 4. d5 Nd4 5. Ne2 c5 6. Nxd4 cxd4 7. Na3 Qb6 8. Bd3
d6 9. Bd2 Nf6 10. b4 O-O 11. O-O Ng4 12. h3 Ne5 13. Qc2 Nxd3 14. Qxd3 Bd7 15.
Rab1 e5 16. c5 Qc7 17. Rfc1 f5 18. f3 fxe4 19. fxe4 Qd8 20. Qb3 Qf6 21. Rf1 Qe7
22. Nc4 dxc5 23. bxc5 Qxc5 24. Bb4 Rxf1+ 25. Rxf1 Qb5 26. Nd6 Qe2 27. Rf7 Bh6
28. Rf3 Rf8 29. Nf5 gxf5 30. Bxf8 Be3+ 31. Rxe3 1/2-1/2

[Event "4NCL Division 4 South"]
[Site "Daventry, ENG"]
[Date "2019.05.05"]
[Round "10.33"]
[White "Clark, Ian C"]
[Black "Wells, Tony D"]
[Result "0-1"]
[WhiteElo "1984"]
[BlackElo "2012"]
[PlyCount "60"]
[EventDate "2019.05.05"]
[WhiteTeam "Wessex B"]
[BlackTeam "Fischer's Catch"]

1. e4 e5 2. Nf3 Nc6 3. Bc4 Nf6 4. Ng5 d5 5. exd5 Na5 6. Bb5+ c6 7. dxc6 bxc6 8.
Qf3 cxb5 9. Qxa8 Qd7 10. Nc3 Nc6 11. O-O Be7 12. Nxb5 O-O 13. Nxa7 Bb7 14.
Qxf8+ Kxf8 15. Nxc6 Qxc6 16. Nf3 e4 17. Ne1 Ng4 18. d3 Bd6 19. dxe4 Nxh2 20. e5
Bxe5 21. f4 Nxf1 22. fxe5 Qc5+ 23. Kxf1 Ba6+ 24. Nd3 Qxc2 25. Kg1 Qd1+ 26. Kh2
Bxd3 27. b3 Qh5+ 28. Kg1 Qd1+ 29. Kh2 Qe2 30. Ba3+ Ke8 0-1